All Sheff G Songs - Statistics

General Stats
  • This quiz has been taken 97 times
    95 since last reset
  • The average score is 25 of 57
Answer Stats
Album Song % Correct
Singles No Suburban
81%
THE UNLUCCY LUCCY KID Flows
77%
One and Only Weight On Me
77%
THE UNLUCCY LUCCY KID Flows, Pt. 2
72%
One and Only Moody
68%
One and Only No Suburban, Pt. 2
68%
THE UNLUCCY LUCCY KID We Getting Money
68%
THE UNLUCCY LUCCY KID 8th Block
66%
Proud of Me Now Proud of Me Now
66%
THE UNLUCCY LUCCY KID Breesh (Intro)
62%
THE UNLUCCY LUCCY KID Tonight
62%
THE UNLUCCY LUCCY KID Automatic
60%
One and Only 2nd Intro
57%
THE UNLUCCY LUCCY KID Feel Ah Way
57%
THE UNLUCCY LUCCY KID Respect
55%
THE UNLUCCY LUCCY KID All My Life
53%
THE UNLUCCY LUCCY KID Designer
53%
THE UNLUCCY LUCCY KID Emotionless (Outro)
53%
One and Only Michael
53%
Proud of Me Now No Negotiations
53%
One and Only Tonight 2
53%
One and Only Captions (Outro)
51%
One and Only Fear Over Love
51%
One and Only Lil Big Bro Sh*t
51%
THE UNLUCCY LUCCY KID Menace
51%
One and Only Note to Self
51%
Proud of Me Now Shooting Star
51%
Proud of Me Now G-Lock On Me
49%
Proud of Me Now Lights On
49%
Proud of Me Now Tip Toe
49%
Singles On Go
45%
THE UNLUCCY LUCCY KID Think I'm Playing
45%
Proud of Me Now Eeny Meany Miny Moe
43%
Proud of Me Now Mistakes
43%
One and Only The Lefts
38%
Proud of Me Now Anyone
36%
Proud of Me Now I'll Be There
36%
One and Only Once I'm Gone
34%
Singles Panic, Pt. 3
34%
Singles Start Some Shyt
34%
Singles Run It Up
32%
Proud of Me Now Dead Broke
30%
Singles Panic, Pt. 4
30%
Singles Panic 2
28%
Singles Bliccy's Hurtin
26%
Singles On Me
26%
Singles Head Tap
23%
Singles Light Work Freestyle
23%
Singles Sauce Up
23%
Singles 2020 Vision
21%
Singles Love Me Now
21%
Singles Welcome Home 3
21%
Singles Play for the Members
19%
Singles WINNERS
19%
Singles Attic
17%
Singles Boomin
17%
Singles Just 4 Yall
15%
No matching quizzes found
Score Distribution
Percent of People with Each Score
Percentile by Number Answered
Your Score History
You have not taken this quiz since the last reset